Multiphase flow and fluidization: continuum and kinetic theory descriptions
Salvato in:
| Autore principale: | |
|---|---|
| Natura: | Libro |
| Lingua: | inglese |
| Pubblicazione: |
Boston
Academic Press
1994
|
| Soggetti: | |
| Tags: |
Aggiungi Tag
Nessun Tag, puoi essere il primo ad aggiungerne!!
|
MARC
| LEADER | 00000nam a2200000 a 4500 | ||
|---|---|---|---|
| 001 | UCM5740 | ||
| 003 | CL-VaPUC | ||
| 008 | 021018e19940000US |||||||||||||||||eng|d | ||
| 082 | 0 | 4 | |a 620.106 |b GID |2 21 |
| 100 | 0 | |a Gidaspow, Dimitri |e author |9 471856 | |
| 245 | 1 | 0 | |a Multiphase flow and fluidization: continuum and kinetic theory descriptions |
| 300 | |a 467 p | ||
| 942 | |c BK | ||
| 945 | |d 20021018 00:00:00 |a cmena | ||
| 260 | |a Boston |b Academic Press |c 1994 | ||
| 650 | 0 | |a Mecánica de fluidos |9 259464 | |
| 650 | 7 | |a FLUJO MULTIFASE |2 CL-VaPUC |9 471857 | |
| 650 | 0 | |a Dinámica de fluidos |9 260582 | |
| 650 | 0 | |a Cinética |9 260943 | |
| 583 | |a last modification |c 20021018 00:00:00 |k Rodrigo Vera | ||
| 999 | |c 301598 |d 301596 | ||
| 952 | |0 0 |1 0 |4 0 |6 620_106000000000000_GID_1994 |7 0 |8 A |9 360770 |a BIBING |b BIBING |d 2019-11-21 |i 2064308 |o 620.106 GID 1994 |p 2064308 |r 2025-01-20 |w 2019-11-21 |y BK |k EIQ | ||